Dictionary of nanotechnology / (Record no. 9219)

MARC details
000 -LEADER
fixed length control field 00563nac a22001811u 4500
020 ## - INTERNATIONAL STANDARD BOOK NUMBER
International Standard Book Number 812612735X
082 ## - DEWEY DECIMAL CLASSIFICATION NUMBER
Classification number 620.503
Item number NAN
090 ## - LOCALLY ASSIGNED LC-TYPE CALL NUMBER (OCLC); LOCAL CALL NUMBER (OCLC)
-- 9219
-- 9219
100 ## - MAIN ENTRY--PERSONAL NAME
Personal name 20080729
245 02 - TITLE STATEMENT
Title Dictionary of nanotechnology /
Statement of responsibility, etc edited by Thomas George.
260 ## - PUBLICATION, DISTRIBUTION, ETC. (IMPRINT)
Place of publication, distribution, etc New Delhi:
Name of publisher, distributor, etc ANMOL publications,2006.
Date of publication, distribution, etc 2006.
300 ## - PHYSICAL DESCRIPTION
Extent 282 p. :
Dimensions 20 cm.
500 ## - GENERAL NOTE
General note Distributer: Al-Ahram
511 ## - PARTICIPANT OR PERFORMER NOTE
Participant or performer note Catalogued by: Sara
650 #0 - SUBJECT ADDED ENTRY--TOPICAL TERM
Topical term or geographic name as entry element Nanotechnology
Form subdivision Dictionaries.
700 1# - ADDED ENTRY--PERSONAL NAME
Personal name George, Thomas
942 ## - ADDED ENTRY ELEMENTS (KOHA)
Item type Book - Borrowing
Call number prefix 620.503NAN
Holdings
Withdrawn status Item status Damaged status Not for loan Home library Current library Shelving location Date acquired Source of acquisition Total Checkouts Full call number Barcode Date last seen Koha item type
        Central Library Central Library First floor 21/04/2008 Purchase   620.503NAN 000010757 15/07/2025 Book - Borrowing